Concise encyclopedia of information technology (Record no. 37015)

MARC details
000 -LEADER
fixed length control field 00290nam a2200109Ia 4500
082 ## - DEWEY DECIMAL CLASSIFICATION NUMBER
Classification number 681.31(03)
Item number STO;1
100 ## - MAIN ENTRY--AUTHOR NAME
Personal name Stokes, Adrian V
245 #0 - TITLE STATEMENT
Title Concise encyclopedia of information technology
260 ## - PUBLICATION, DISTRIBUTION, ETC. (IMPRINT)
Place of publication U K
Name of publisher Gower
Year of publication 1982
942 ## - ADDED ENTRY ELEMENTS (KOHA)
Koha item type Books
Holdings
Withdrawn status Lost status Damaged status Not for loan Home library Current library Date acquired Cost, normal purchase price Full call number Accession Number Koha item type
        RRII Library RRII Library 16/12/2021 36.50 681.31(03) STO;1 17407 Books